Statistics for June 27th: Birthdays

Click here to take the quiz!

General Stats

  • This quiz has been taken 8 times
  • The average score is 4 of 9

Answer Stats

YearClueAnswer% Correct
1984Reality TV Star with siblingsKhloé Kardashian
88%
1975Actor in Spider-ManTobey Maguire
88%
1462King of FranceLouis XII
75%
1880Famous Deaf-Blind AuthorHelen Keller
50%
19301990's Presidential CandidateRoss Perot
38%
1550King of FranceCharles IX
13%
1959Did cinematography for Schindler's ListJanusz Kamiński
0%
1966Director for Star Wars: the Force AwakensJ. J. Abrahams
0%
1872Author of Oak&IvoryPaul Dunbar
0%

Score Distribution

Percentile by Number Answered

Percent of People with Each Score

Your Score History

You have not taken this quiz